000 00901nam a2200277 i 4500
003 DO-SdBNP
005 20251013144015.0
007 ta
008 180516s2017 dr ac e 001 p spa d
020 _a9789945090390
040 _aDO-SdBNP
_bspa
_cBNPHU
_erda
041 _aspa
082 4 _axxxx
_bA634po
_222
245 0 0 _aAntología poética I /
_cedición, Galía Ascencio
246 0 4 _aAntología poética I :
_bVI semana internacional de la poesía. homenaje de la poesía sorprendida
250 _aPrimera edición
264 4 _aSanto Domingo :
_bEditora Búho,
_c©2017.
300 _a267 páginas :
_bilustraciones, retratos ;
_c22 cm.
336 _atexto
_btxt
_2rdacontent
337 _asin mediación
_bn
_2rdamedia
338 _avolumen
_bnc
_2rdacarrier
590 _aInventariado 2021 / MF
700 1 _aAscencio, Galía,
_eeditor.
_4ed.
_977643
910 _aMF
942 _2ddc
_cLBS1
999 _c46900
_d46900